000 00995cam a22002651 4500
001 map53000936
003 DLC
005 20260227111555.0
008 900827s1876 nyuab 000 0 eng
010 _amap53000936
035 _a(OCoLC)22282025
040 _aDLC
_cNRU
_dNRU
_dDLC
042 _apremarc
050 0 0 _aS3
_bB4 1876
100 1 _aBeers, F. W.
_q(Frederick W.)
245 1 0 _aCombination atlas of Saratoga and Ballston,
_cfrom recent and actual surveys and records, under the superintendence of F.W. Beers and Louis H. Cramer.
260 _aNew York,
_bJ.B. Beers,
_c1876.
300 _a86 p.
_billus., col. maps (part fold.)
_c41 cm.
500 _aCover title: Illustrated combination atlas of Saratoga and Ballston.
651 0 _aSaratoga Springs (N.Y.)
_vMaps.
651 0 _aBallston Spa (N.Y.)
_vMaps.
650 0 _aReal property
_zNew York (State)
_zSaratoga Springs
_vMaps.
650 0 _aReal property
_zNew York (State)
_zBallston Spa
_vMaps.
700 1 _aCramer, Louis H.
999 _c37800
_d37800